Entry Topical Term
Number of records used in: 1
001 - CONTROL NUMBER
003 - CONTROL NUMBER IDENTIFIER
005 - DATE AND TIME OF LATEST TRANSACTION
- control field:
20251008133659.0
008 - FIXED-LENGTH DATA ELEMENTS
- fixed length control field:
251008|| aca||aabn | a|a d
040 ## - CATALOGING SOURCE
- Original cataloging agency:
JRU
- Transcribing agency:
JRU
150 ## - HEADING--TOPICAL TERM
- Topical term or geographic name as entry element:
BCA
670 ## - SOURCE DATA FOUND
- Source citation:
Work cat.: (JRU)8891: SHUKLA, MC & GREWAL, TS AND GUPTA, SC 8717, ADVANCED ACCOUNTING [VOL-2], 1960